000
00308nam a22001457a 4500
008
230403b ||||| |||| 00| 0 eng d
020
_a
0070333017
041
_a
eng
080
_a
721
082
_a
721KAR
100
_a
20
101
_a
NDERTI
245
_a
PUMP HANDBOOK
_c
KARASSIK.J.I
942
_2
udc
_c
BK
999
_c
59489
_d
59489